[Event "WchT Seniors 50"]
[Site "Struga"]
[Date "2023.09.28"]
[Round "9.1"]
[White "Braso, Jorge"]
[Black "Selkovski, Zarko"]
[Result "1/2-1/2"]
[WhiteElo "2058"]
[BlackElo "1918"]
[PlyCount "53"]
[EventDate "2023.09.19"]
[EventType "team-swiss"]
[EventRounds "9"]
[EventCountry "MKD"]
[SourceTitle "EXT 2024"]
[Source "ChessBase"]
[SourceDate "2023.10.10"]
[SourceVersion "1"]
[SourceVersionDate "2023.10.10"]
[SourceQuality "1"]
[WhiteTeam "Uruguay 50"]
[BlackTeam "Macedonia Blind 50"]
[WhiteTeamCountry "URU"]
[BlackTeamCountry "MKD"]

1. e4 c5 2. Nf3 e6 3. d4 cxd4 4. Nxd4 a6 5. Bd3 Bc5 6. Nb3 Ba7 7. 0-0 Ne7 8. Nc3 b5 9. a3 Nbc6 10. Bf4 d6 11. Qh5 Ng6 12. Bg3 0-0 13. Rad1 Qc7 14. Kh1 Nce7 15. f4 f5 16. Qe2 d5 17. exd5 exd5 18. Qd2 Bb7 19. Ne2 Nc6 20. c3 h5 21. h3 h4 22. Bh2 Rae8 23. Nbd4 Bc8 24. Nxc6 Be3 25. Qc2 Qxc6 26. Bg1 Bxg1 27. Rxg1 1/2-1/2

[Event "WchT Seniors 50"]
[Site "Struga"]
[Date "2023.09.26"]
[Round "7.1"]
[White "Zeidler, Sven P"]
[Black "Selkovski, Zarko"]
[Result "1-0"]
[WhiteElo "2094"]
[BlackElo "1918"]
[PlyCount "43"]
[EventDate "2023.09.19"]
[EventType "team-swiss"]
[EventRounds "9"]
[EventCountry "MKD"]
[SourceTitle "EXT 2024"]
[Source "ChessBase"]
[SourceDate "2023.10.10"]
[SourceVersion "1"]
[SourceVersionDate "2023.10.10"]
[SourceQuality "1"]
[WhiteTeam "Wales Silures 50"]
[BlackTeam "Macedonia Blind 50"]
[WhiteTeamCountry "WLS"]
[BlackTeamCountry "MKD"]

1. e4 c5 2. Nc3 e6 3. f4 a6 4. Nf3 b5 5. d3 Bb7 6. Qe2 Be7 7. g3 d6 8. Bg2 b4 9. Nd1 h5 10. Nf2 Qc7 11. 0-0 Nd7 12. Bd2 Rd8 13. a3 a5 14. axb4 axb4 15. c3 bxc3 16. Bxc3 e5 17. Ba5 Nb6 18. d4 Nf6 19. dxe5 dxe5 20. Qb5+ Nfd7 21. Nxe5 Rb8 22. Bxb6 1-0

[Event "WchT Seniors 50"]
[Site "Struga"]
[Date "2023.09.24"]
[Round "6.1"]
[White "Selkovski, Zarko"]
[Black "Paronen, Petteri"]
[Result "1/2-1/2"]
[WhiteElo "1918"]
[BlackElo "1938"]
[PlyCount "93"]
[EventDate "2023.09.19"]
[EventType "team-swiss"]
[EventRounds "9"]
[EventCountry "MKD"]
[SourceTitle "EXT 2024"]
[Source "ChessBase"]
[SourceDate "2023.10.10"]
[SourceVersion "1"]
[SourceVersionDate "2023.10.10"]
[SourceQuality "1"]
[WhiteTeam "Macedonia Blind 50"]
[BlackTeam "Finland 50"]
[WhiteTeamCountry "MKD"]
[BlackTeamCountry "FIN"]

1. e4 g6 2. d4 Bg7 3. Be3 d6 4. Nc3 a6 5. Bd3 Nd7 6. f4 e5 7. Nf3 Ngf6 8. fxe5 dxe5 9. dxe5 Ng4 10. Bg5 f6 11. exf6 Bxf6 12. Bxf6 Qxf6 13. Qd2 c6 14. 0-0-0 Nge5 15. Nxe5 Nxe5 16. Be2 Bd7 17. Rhf1 Qe7 18. Na4 0-0-0 19. Qa5 Bg4 20. Qe1 Rxd1+ 21. Qxd1 Bxe2 22. Qxe2 Qb4 23. b3 Rd8 24. Qe3 b5 25. Nb2 Qd4 26. Qh3+ Rd7 27. Qg3 Re7 28. Qh4 Rd7 29. Qg3 Re7 30. Qe1 Kb7 31. Qh4 Qe3+ 32. Kb1 g5 33. Qh5 g4 34. Qh4 Rd7 35. Re1 Qc5 36. Rd1 Rxd1+ 37. Nxd1 Qd4 38. Qe1 h5 39. Nb2 h4 40. a4 h3 41. gxh3 gxh3 42. Qg3 Qxe4 43. Qxh3 Kb6 44. Qc8 Qh1+ 45. Ka2 Qxh2 46. Qb8+ Kc5 47. Nd3+ 1/2-1/2

[Event "FRM-chT2"]
[Site "Skopje"]
[Date "2023.05.27"]
[Round "1"]
[White "Martinov, Levko"]
[Black "Selkovski, Zarko"]
[Result "0-1"]
[WhiteElo "2068"]
[BlackElo "1920"]
[PlyCount "86"]
[EventDate "2023.05.27"]
[EventType "team-tourn"]
[EventRounds "6"]
[EventCountry "MKD"]
[SourceTitle "CBM 214 Extra"]
[Source "ChessBase"]
[SourceDate "2023.07.31"]
[SourceVersion "1"]
[SourceVersionDate "2023.07.31"]
[SourceQuality "1"]

1. c4 Nf6 2. Nc3 g6 3. Nf3 Bg7 4. g3 0-0 5. Bg2 c5 6. d4 cxd4 7. Nxd4 a6 8. 0-0 d6 9. b3 e5 10. Nc2 Nc6 11. Ba3 Ne8 12. Ne4 Nd4 13. e3 Nxc2 14. Qxc2 f5 15. Nc3 Qa5 16. Bb2 Nf6 17. Rfd1 Rd8 18. Nd5 Nxd5 19. Rxd5 Qb6 20. Rad1 Be6 21. R5d2 Rac8 22. Ba3 Bf8 23. Qc3 Qc7 24. Qd3 e4 25. Qe2 Qb8 26. g4 b5 27. gxf5 gxf5 28. cxb5 axb5 29. Qh5 d5 30. Qg5+ Bg7 31. Bh3 Qa7 32. Bb2 Qf7 33. Kh1 Kh8 34. Bxg7+ Qxg7 35. Rg1 Rg8 36. Qxg7+ Rxg7 37. Ra1 Rgc7 38. a4 bxa4 39. bxa4 Rc1+ 40. Rxc1 Rxc1+ 41. Kg2 Ra1 42. Rd4 Kg7 43. Kg3 Kf6 0-1

[Event "FRM-ch op"]
[Site "Skopje"]
[Date "2023.05.11"]
[Round "9"]
[White "Kuzmanoski, Oliver"]
[Black "Selkovski, Zarko"]
[Result "1/2-1/2"]
[WhiteElo "1537"]
[BlackElo "1920"]
[PlyCount "28"]
[EventDate "2023.05.04"]
[EventType "swiss"]
[EventRounds "9"]
[EventCountry "MKD"]
[SourceTitle "CBM 214 Extra"]
[Source "ChessBase"]
[SourceDate "2023.07.31"]
[SourceVersion "1"]
[SourceVersionDate "2023.07.31"]
[SourceQuality "1"]

1. e4 c5 2. b4 cxb4 3. d4 e6 4. Nf3 Nf6 5. Bd3 a6 6. 0-0 b5 7. Re1 Be7 8. a3 bxa3 9. c3 h6 10. Bxa3 Bxa3 11. Nxa3 0-0 12. Nxb5 d6 13. e5 dxe5 14. dxe5 Nd5 1/2-1/2

[Event "FRM-ch op"]
[Site "Skopje"]
[Date "2023.05.06"]
[Round "3"]
[White "Zlatkov, Anton"]
[Black "Selkovski, Zarko"]
[Result "1/2-1/2"]
[WhiteElo "2164"]
[BlackElo "1920"]
[PlyCount "74"]
[EventDate "2023.05.04"]
[EventType "swiss"]
[EventRounds "9"]
[EventCountry "MKD"]
[SourceTitle "CBM 214 Extra"]
[Source "ChessBase"]
[SourceDate "2023.07.31"]
[SourceVersion "1"]
[SourceVersionDate "2023.07.31"]
[SourceQuality "1"]

1. e4 c5 2. Nf3 e6 3. d4 cxd4 4. Nxd4 a6 5. Bd3 Bc5 6. Nb3 Ba7 7. 0-0 Ne7 8. Qe2 Nbc6 9. Be3 d6 10. Nc3 b5 11. a4 b4 12. Nb1 0-0 13. N1d2 Ne5 14. a5 Nxd3 15. cxd3 e5 16. Bxa7 Rxa7 17. d4 Be6 18. Rfc1 Bd7 19. Qe3 Rc7 20. dxe5 dxe5 21. Qb6 Rxc1+ 22. Rxc1 Bb5 23. Rc5 Ng6 24. Rd5 Qc8 25. Qc5 Qg4 26. f3 Qg5 27. g3 h5 28. Kf2 h4 29. Qe3 hxg3+ 30. hxg3 Qh5 31. Kg2 Rc8 32. Nc5 Ne7 33. Rd6 Nc6 34. Ndb3 Nd4 35. g4 Bf1+ 36. Kxf1 Qh3+ 37. Kf2 Qh2+ 1/2-1/2

[Event "IBCA EU-chT blind 03rd"]
[Site "Genova"]
[Date "2023.04.28"]
[Round "8.1"]
[White "Ursic, Aleksander"]
[Black "Selkovski, Zarko"]
[Result "1/2-1/2"]
[WhiteElo "1834"]
[BlackElo "1920"]
[PlyCount "76"]
[EventDate "2023.04.20"]
[EventType "team-swiss"]
[EventRounds "9"]
[EventCountry "ITA"]
[SourceTitle "CBM 213 Extra"]
[Source "ChessBase"]
[SourceDate "2023.05.31"]
[SourceVersion "1"]
[SourceVersionDate "2023.05.31"]
[SourceQuality "1"]
[WhiteTeam "Slovenia"]
[BlackTeam "Macedonia"]
[WhiteTeamCountry "SLO"]
[BlackTeamCountry "MKD"]

1. d4 Nf6 2. Bg5 g6 3. Bxf6 exf6 4. e3 Bg7 5. Ne2 b6 6. Nf4 Bb7 7. Be2 0-0 8. 0-0 d5 9. Nd2 f5 10. Bf3 c6 11. c4 Qd6 12. cxd5 cxd5 13. Qb3 Rd8 14. Rfc1 Bh6 15. g3 g5 16. Nd3 Nc6 17. a3 g4 18. Bg2 Nxd4 19. Qd1 Ne6 20. Nb3 Bg7 21. Rab1 Rab8 22. Nf4 Nxf4 23. gxf4 d4 24. Bxb7 Rxb7 25. Qc2 dxe3 26. fxe3 Qe6 27. Kf2 Re7 28. Re1 Rc8 29. Qd3 Rd7 30. Nd4 Bxd4 31. exd4 Qd5 32. Rbd1 Rcd8 33. Qc3 Qd6 34. Re5 Qf6 35. d5 Kg7 36. Qd3 Kg6 37. Kg3 h5 38. h4 Rd6 1/2-1/2

[Event "IBCA EU-chT blind 03rd"]
[Site "Genova"]
[Date "2023.04.22"]
[Round "3.1"]
[White "Asllani, Muhamet"]
[Black "Selkovski, Zarko"]
[Result "1-0"]
[WhiteElo "2238"]
[BlackElo "1920"]
[PlyCount "79"]
[EventDate "2023.04.20"]
[EventType "team-swiss"]
[EventRounds "9"]
[EventCountry "ITA"]
[SourceTitle "CBM 213 Extra"]
[Source "ChessBase"]
[SourceDate "2023.05.31"]
[SourceVersion "1"]
[SourceVersionDate "2023.05.31"]
[SourceQuality "1"]
[WhiteTeam "Kosovo"]
[BlackTeam "Macedonia"]
[WhiteTeamCountry "KOS"]
[BlackTeamCountry "MKD"]

1. d4 Nf6 2. Nf3 g6 3. c4 Bg7 4. Nc3 0-0 5. e4 d6 6. h3 e5 7. d5 Na6 8. Bd3 Nc5 9. Bc2 a5 10. Be3 Bd7 11. Qd2 a4 12. 0-0 Nh5 13. b4 axb3 14. axb3 Nf4 15. b4 Na6 16. Rab1 Qf6 17. Bd1 g5 18. Nh2 h5 19. c5 Qg6 20. c6 bxc6 21. dxc6 Be6 22. f3 Rab8 23. b5 Nc5 24. Bc2 Bc4 25. Rfd1 Nce6 26. Rb4 Bxb5 27. Rxb5 Nd4 28. Rxb8 Rxb8 29. Bxd4 exd4 30. Nd5 Qh6 31. Nxc7 Rb2 32. Nd5 d3 33. c7 Rxc2 34. Qxc2 dxc2 35. c8Q+ Kh7 36. Qxc2 Be5 37. Nxf4 gxf4 38. Nf1 Qg7 39. Nd2 Bd4+ 40. Kh1 1-0

[Event "IBCA EU-chT blind 03rd"]
[Site "Genova"]
[Date "2023.04.20"]
[Round "1.1"]
[White "Stachanczyk, Jacek"]
[Black "Selkovski, Zarko"]
[Result "1/2-1/2"]
[WhiteElo "2159"]
[BlackElo "1920"]
[PlyCount "49"]
[EventDate "2023.04.20"]
[EventType "team-swiss"]
[EventRounds "9"]
[EventCountry "ITA"]
[SourceTitle "CBM 213 Extra"]
[Source "ChessBase"]
[SourceDate "2023.05.31"]
[SourceVersion "1"]
[SourceVersionDate "2023.05.31"]
[SourceQuality "1"]
[WhiteTeam "Poland"]
[BlackTeam "Macedonia"]
[WhiteTeamCountry "POL"]
[BlackTeamCountry "MKD"]

1. e4 c5 2. Nf3 e6 3. d4 cxd4 4. Nxd4 a6 5. Nc3 b5 6. Bd3 Bb7 7. a3 Nc6 8. Nxc6 Bxc6 9. 0-0 Qb8 10. Qe2 Ne7 11. Kh1 Ng6 12. f4 Be7 13. Bd2 0-0 14. Rae1 f5 15. exf5 exf5 16. Qh5 Qb7 17. Qh3 Rae8 18. Re2 Bd6 19. Rxe8 Rxe8 20. Qg3 Bc5 21. h3 Rf8 22. Kh2 b4 23. axb4 Bxb4 24. Re1 Be7 25. Qf2 1/2-1/2

[Event "Skopje-ch Seniors"]
[Site "Skopje"]
[Date "2022.10.10"]
[Round "6"]
[White "Selkovski, Zarko"]
[Black "Atanasovski, Blazhe"]
[Result "1-0"]
[WhiteElo "1968"]
[BlackElo "1752"]
[PlyCount "63"]
[EventDate "2022.10.07"]
[EventType "swiss"]
[EventRounds "7"]
[EventCountry "MKD"]
[SourceTitle "EXT 2024"]
[Source "ChessBase"]
[SourceDate "2023.10.10"]
[SourceVersion "1"]
[SourceVersionDate "2023.10.10"]
[SourceQuality "1"]

1. e4 e5 2. Nf3 Nf6 3. Nxe5 Nc6 4. Nxc6 dxc6 5. d3 Bc5 6. Be2 h5 7. Bg5 Qd4 8. 0-0 Qxb2 9. Nd2 Ng4 10. Nc4 Qc3 11. Rb1 b5 12. Rb3 Qd4 13. Be3 Nxe3 14. fxe3 Qd8 15. Ne5 Bxe3+ 16. Kh1 Be6 17. c4 Qd6 18. d4 Qxd4 19. Nxc6 Qxd1 20. Rxd1 Bb6 21. Rxb5 Bd7 22. Re5+ Be6 23. c5 Bxc5 24. Rxc5 Bxa2 25. Ra1 Be6 26. Rxa7 Rxa7 27. Nxa7 Kd7 28. Nc6 Ra8 29. Rc1 Ra4 30. Bf3 g6 31. h3 Rc4 32. Ne5+ 1-0

[Event "IBCA World-chT blind 9th"]
[Site "Ohrid"]
[Date "2022.07.06"]
[Round "8.8"]
[White "Selkovski, Zarko"]
[Black "Ymeri, Rinor"]
[Result "1-0"]
[WhiteElo "1967"]
[BlackElo "1603"]
[PlyCount "35"]
[EventDate "2022.06.28"]
[EventType "team-swiss"]
[EventRounds "9"]
[EventCountry "MKD"]
[SourceTitle "EXT 2024"]
[Source "ChessBase"]
[SourceDate "2023.10.10"]
[SourceVersion "1"]
[SourceVersionDate "2023.10.10"]
[SourceQuality "1"]
[WhiteTeam "Macedonia"]
[BlackTeam "Kosovo"]
[WhiteTeamCountry "MKD"]
[BlackTeamCountry "KOS"]

1. e4 c5 2. Nf3 Nc6 3. d4 d6 4. Bb5 Bd7 5. dxc5 a6 6. Bxc6 Bxc6 7. cxd6 exd6 8. Nc3 Nf6 9. Qd3 Be7 10. Bf4 0-0 11. h3 Re8 12. 0-0-0 h6 13. Rhe1 b5 14. Kb1 Qd7 15. Nd4 Bb7 16. Nf5 Bf8 17. Bxd6 Bxd6 18. Nxd6 1-0

[Event "IBCA World-chT blind 9th"]
[Site "Ohrid"]
[Date "2022.07.02"]
[Round "5.3"]
[White "Selkovski, Zarko"]
[Black "Dimic, Pavle"]
[Result "1/2-1/2"]
[WhiteElo "1967"]
[BlackElo "2356"]
[PlyCount "51"]
[EventDate "2022.06.28"]
[EventType "team-swiss"]
[EventRounds "9"]
[EventCountry "MKD"]
[SourceTitle "EXT 2024"]
[Source "ChessBase"]
[SourceDate "2023.10.10"]
[SourceVersion "1"]
[SourceVersionDate "2023.10.10"]
[SourceQuality "1"]
[WhiteTeam "Macedonia"]
[BlackTeam "Serbia"]
[WhiteTeamCountry "MKD"]
[BlackTeamCountry "SRB"]

1. e4 c5 2. Nf3 Nc6 3. d4 cxd4 4. Nxd4 Nf6 5. Nc3 d6 6. Bg5 Qa5 7. Bxf6 gxf6 8. Nb3 Qg5 9. Qd2 Qxd2+ 10. Nxd2 f5 11. 0-0-0 Bh6 12. Kb1 Rg8 13. Nd5 Kd8 14. f3 fxe4 15. Nxe4 f5 16. Nc5 e6 17. Nc3 Ke7 18. Nd3 b6 19. g3 Bb7 20. Bg2 Na5 21. b3 Rac8 22. Nb5 a6 23. Nd4 Kf6 24. Nb4 b5 25. Rhe1 Rge8 26. Re2 1/2-1/2

[Event "IBCA World-chT blind 9th"]
[Site "Ohrid"]
[Date "2022.06.30"]
[Round "3.4"]
[White "Selkovski, Zarko"]
[Black "Antonini, Franco"]
[Result "1-0"]
[WhiteElo "1967"]
[BlackElo "2082"]
[PlyCount "51"]
[EventDate "2022.06.28"]
[EventType "team-swiss"]
[EventRounds "9"]
[EventCountry "MKD"]
[SourceTitle "EXT 2024"]
[Source "ChessBase"]
[SourceDate "2023.10.10"]
[SourceVersion "1"]
[SourceVersionDate "2023.10.10"]
[SourceQuality "1"]
[WhiteTeam "Macedonia"]
[BlackTeam "Italy"]
[WhiteTeamCountry "MKD"]
[BlackTeamCountry "ITA"]

1. e4 e5 2. Nf3 Nc6 3. Bc4 Bc5 4. c3 d6 5. h3 h6 6. d3 Nge7 7. 0-0 Ng6 8. d4 exd4 9. cxd4 Bb6 10. Nc3 0-0 11. Be3 Nh4 12. Nxh4 Qxh4 13. f4 Bxh3 14. Qd2 Bg4 15. f5 Rae8 16. Rf4 h5 17. Nd5 Kh7 18. Raf1 Ne7 19. Nxe7 Rxe7 20. f6 gxf6 21. Rxf6 Rxe4 22. Bd3 d5 23. Bxe4+ dxe4 24. Rh6+ Kg7 25. Bg5 Rd8 26. Bxh4 1-0

[Event "IBCA World-chT blind 9th"]
[Site "Ohrid"]
[Date "2022.06.29"]
[Round "2.1"]
[White "Cajzler, Hinko"]
[Black "Selkovski, Zarko"]
[Result "1/2-1/2"]
[WhiteElo "2081"]
[BlackElo "1967"]
[PlyCount "74"]
[EventDate "2022.06.28"]
[EventType "team-swiss"]
[EventRounds "9"]
[EventCountry "MKD"]
[SourceTitle "EXT 2024"]
[Source "ChessBase"]
[SourceDate "2023.10.10"]
[SourceVersion "1"]
[SourceVersionDate "2023.10.10"]
[SourceQuality "1"]
[WhiteTeam "Croatia"]
[BlackTeam "Macedonia"]
[WhiteTeamCountry "CRO"]
[BlackTeamCountry "MKD"]

1. e4 c5 2. Nf3 e6 3. d4 cxd4 4. Nxd4 a6 5. c4 Nf6 6. Nc3 Qc7 7. Qd3 Nc6 8. Nxc6 dxc6 9. Be2 e5 10. h3 Be7 11. Be3 0-0 12. 0-0 Be6 13. Rfd1 Rfd8 14. Qc2 b5 15. Rxd8+ Rxd8 16. Nd1 b4 17. b3 c5 18. Bg5 Rd4 19. Bxf6 Bxf6 20. Ne3 Bg5 21. Nd5 Bxd5 22. cxd5 a5 23. Rd1 Rxd1+ 24. Qxd1 Qd6 25. Qd3 Bd8 26. Qb5 Kf8 27. Bg4 g6 28. Kf1 Ke7 29. Ke2 Qc7 30. Kd3 h5 31. Bf3 Qb6 32. Kc4 Qxb5+ 33. Kxb5 Kd6 34. g3 h4 35. Bg2 f5 36. Kc4 fxe4 37. Bxe4 g5 1/2-1/2

[Event "FRM-ch op"]
[Site "Skopje"]
[Date "2022.04.30"]
[Round "3"]
[White "Selkovski, Zarko"]
[Black "Atanasovski, Blazhe"]
[Result "1-0"]
[WhiteElo "1996"]
[BlackElo "1775"]
[PlyCount "106"]
[EventDate "2022.04.29"]
[EventType "swiss"]
[EventRounds "9"]
[EventCountry "MKD"]
[SourceTitle "CBM 208 Extra"]
[Source "ChessBase"]
[SourceDate "2022.07.31"]
[SourceVersion "1"]
[SourceVersionDate "2022.07.31"]
[SourceQuality "1"]

1. e4 e5 2. Nf3 Nf6 3. Nxe5 d6 4. Nf3 Nxe4 5. d3 Nf6 6. h3 Be7 7. Be2 b6 8. Nc3 Bb7 9. d4 d5 10. 0-0 0-0 11. Bd3 h6 12. Ne2 Nbd7 13. Re1 Nh7 14. Ng3 Ng5 15. Nf5 Nxf3+ 16. Qxf3 Bg5 17. Qg3 Kh8 18. f4 Bf6 19. Qf2 Re8 20. Bd2 Rxe1+ 21. Rxe1 Nf8 22. c3 Bc8 23. Qf3 Bxf5 24. Bxf5 g6 25. Bc2 Kg7 26. g4 Nh7 27. Kg2 b5 28. Rf1 Qd7 29. Qg3 Re8 30. Bd3 c6 31. g5 hxg5 32. fxg5 Bd8 33. Bf4 Nf8 34. Be5+ Kg8 35. Qh4 Rxe5 36. dxe5 Ne6 37. Qg3 Bxg5 38. h4 Bh6 39. h5 g5 40. Qg4 Nc5 41. Bf5 Qe7 42. Qe2 Bg7 43. e6 fxe6 44. Bg6 Bf6 45. Qf2 Kg7 46. Qc2 e5 47. Qf5 Ne6 48. h6+ Kxh6 49. Qxf6 Qxf6 50. Rxf6 Nf4+ 51. Kg3 Nxg6 52. Rxc6 d4 53. cxd4 exd4 1-0

[Event "FRM-ch op"]
[Site "Struga"]
[Date "2021.07.30"]
[Round "8"]
[White "Zvezdakoski, Matej"]
[Black "Selkovski, Zarko"]
[Result "1/2-1/2"]
[WhiteElo "1981"]
[BlackElo "2007"]
[PlyCount "170"]
[EventDate "2021.07.24"]
[EventType "swiss"]
[EventRounds "9"]
[EventCountry "MKD"]
[SourceTitle "CBM 203 Extra"]
[Source "ChessBase"]
[SourceDate "2021.09.30"]
[SourceVersion "1"]
[SourceVersionDate "2021.09.30"]
[SourceQuality "1"]

1. e4 c5 2. Nf3 e6 3. d4 cxd4 4. Nxd4 a6 5. Bd3 Nf6 6. 0-0 Qc7 7. Qe2 d6 8. c4 g6 9. f4 Bg7 10. Nf3 Nbd7 11. Nc3 b6 12. f5 Bb7 13. fxe6 fxe6 14. Bf4 Nh5 15. Be3 0-0 16. Ng5 Rfe8 17. Rf3 Ne5 18. Rh3 h6 19. Nf3 Ng4 20. Nh4 Nxe3 21. Qxe3 d5 22. e5 d4 23. Qxd4 Bxe5 24. Qg4 Nf4 25. Nxg6 Nxh3+ 26. Qxh3 Bg7 27. Re1 Qc5+ 28. Kh1 Qf2 29. Rf1 Qxb2 30. Ne4 Bxe4 31. Bxe4 Rad8 32. Bc6 Qe2 33. Qf3 Qxf3 34. gxf3 Kf7 35. Bxe8+ Kxe8 36. Nf4 Rd2 37. Nxe6 Kf7 38. Nxg7 Kxg7 39. Rb1 b5 40. cxb5 axb5 41. a3 Rd3 42. Kg2 Rxa3 43. Rxb5 Kf6 44. Kg3 Kg6 45. h4 h5 46. Rg5+ Kh6 47. Re5 Kg6 48. Kf4 Ra4+ 49. Re4 Ra6 50. Rb4 Rf6+ 51. Ke4 Re6+ 52. Kf4 Rf6+ 53. Ke3 Re6+ 54. Re4 Ra6 55. Re5 Ra3+ 56. Kf4 Ra4+ 57. Re4 Ra6 58. Rd4 Rf6+ 59. Kg3 Ra6 60. Rb4 Ra5 61. Rb3 Ra6 62. Kf4 Rf6+ 63. Ke5 Rf5+ 64. Ke4 Rf6 65. Rb5 Re6+ 66. Re5 Ra6 67. Rg5+ Kh6 68. Rd5 Kg6 69. f4 Ra4+ 70. Ke5 Ra1 71. Rd6+ Kf7 72. Rd7+ Kg6 73. f5+ Kh6 74. Ke6 Re1+ 75. Kf7 Re4 76. f6 Rxh4 77. Ke8 Rf4 78. f7 Kg5 79. f8Q Rxf8+ 80. Kxf8 h4 81. Ke7 Kg4 82. Kf6 h3 83. Ke5 h2 84. Rh7 Kg3 85. Ke4 Kg2 1/2-1/2

[Event "FRM-ch op"]
[Site "Struga"]
[Date "2021.07.27"]
[Round "5"]
[White "Selkovski, Zarko"]
[Black "Kralevski, Aleksander"]
[Result "0-1"]
[WhiteElo "2007"]
[BlackElo "2090"]
[PlyCount "34"]
[EventDate "2021.07.24"]
[EventType "swiss"]
[EventRounds "9"]
[EventCountry "MKD"]
[SourceTitle "CBM 203 Extra"]
[Source "ChessBase"]
[SourceDate "2021.09.30"]
[SourceVersion "1"]
[SourceVersionDate "2021.09.30"]
[SourceQuality "1"]

1. e4 e5 2. Nf3 Nc6 3. d4 exd4 4. Nxd4 Bc5 5. Nb3 Bb6 6. Nc3 Nf6 7. Be2 0-0 8. 0-0 Re8 9. Bd3 h6 10. h3 d6 11. Re1 a5 12. a3 Ne5 13. Be3 c6 14. f4 Bxe3+ 15. Rxe3 Qb6 16. Qe1 Nxd3 17. cxd3 Qxb3 0-1

[Event "FRM-ch op"]
[Site "Struga"]
[Date "2021.07.26"]
[Round "4"]
[White "Angjelkoski, Metodija"]
[Black "Selkovski, Zarko"]
[Result "1/2-1/2"]
[WhiteElo "1788"]
[BlackElo "2007"]
[PlyCount "88"]
[EventDate "2021.07.24"]
[EventType "swiss"]
[EventRounds "9"]
[EventCountry "MKD"]
[SourceTitle "CBM 203 Extra"]
[Source "ChessBase"]
[SourceDate "2021.09.30"]
[SourceVersion "1"]
[SourceVersionDate "2021.09.30"]
[SourceQuality "1"]

1. e4 c5 2. Nf3 e6 3. Nc3 a6 4. d4 cxd4 5. Nxd4 Qc7 6. a3 b5 7. Bd3 Bb7 8. 0-0 Nf6 9. Qe2 d6 10. Re1 Nbd7 11. Nd5 exd5 12. exd5+ Kd8 13. Bg5 Kc8 14. c4 Qb6 15. Be3 Qd8 16. cxb5 axb5 17. Rec1+ Kb8 18. Nc6+ Bxc6 19. dxc6 Nc5 20. b4 Nd5 21. bxc5 Nxe3 22. Qb2 dxc5 23. Qxb5+ Kc7 24. fxe3 Qb8 25. Qc4 Qe8 26. Re1 Ra7 27. Be4 Bd6 28. Qb3 Kd8 29. Red1 Ke7 30. Rab1 Qb8 31. Qd5 Qc7 32. Qg5+ Kf8 33. Rb3 h6 34. Qg4 Ke7 35. Qxg7 Rd8 36. Qxh6 Bxh2+ 37. Kf2 Rxd1 38. Qg5+ Kf8 39. Qh6+ Ke8 40. Qh8+ Ke7 41. Qh4+ Kf8 42. Qh8+ Ke7 43. Qh4+ f6 44. Qh7+ Kd8 1/2-1/2

[Event "FRM-chT2 GpA"]
[Site "Ohrid"]
[Date "2021.07.04"]
[Round "3.2"]
[White "Hamiti, Gani"]
[Black "Selkovski, Zarko"]
[Result "1/2-1/2"]
[WhiteElo "2144"]
[BlackElo "2007"]
[PlyCount "65"]
[EventDate "2021.07.03"]
[EventType "team-tourn"]
[EventRounds "5"]
[EventCountry "MKD"]
[SourceTitle "EXT 2022"]
[Source "ChessBase"]
[SourceDate "2021.10.06"]
[SourceVersion "1"]
[SourceVersionDate "2021.10.06"]
[SourceQuality "1"]
[WhiteTeam "Tetovo Shkendija"]
[BlackTeam "Bitola Noemvri"]
[WhiteTeamCountry "MKD"]
[BlackTeamCountry "MKD"]

1. e4 c5 2. g3 e6 3. Bg2 Qc7 4. Ne2 b5 5. d4 cxd4 6. Nxd4 Bb7 7. a3 Nf6 8. Nc3 a6 9. 0-0 d6 10. h3 Be7 11. Be3 Nc6 12. Nxc6 Bxc6 13. Qd3 0-0 14. Kh2 Rfd8 15. Rad1 Rac8 16. f4 Qb7 17. Rf2 a5 18. b4 axb4 19. axb4 d5 20. e5 Ne4 21. Nxe4 dxe4 22. Qe2 Bxb4 23. Rb1 Bc3 24. Qg4 Bd4 25. Re1 Bxe3 26. Rxe3 Rd4 27. h4 Rcd8 28. f5 exf5 29. Qxf5 Rd2 30. Rfe2 Rxe2 31. Rxe2 e3 32. Qg5 Re8 33. Bxc6 1/2-1/2

[Event "FRM-chT2 GpA"]
[Site "Ohrid"]
[Date "2021.07.03"]
[Round "1.2"]
[White "Petrov, Georgi"]
[Black "Selkovski, Zarko"]
[Result "1/2-1/2"]
[WhiteElo "2132"]
[BlackElo "2007"]
[PlyCount "101"]
[EventDate "2021.07.03"]
[EventType "team-tourn"]
[EventRounds "5"]
[EventCountry "MKD"]
[SourceTitle "EXT 2022"]
[Source "ChessBase"]
[SourceDate "2021.10.06"]
[SourceVersion "1"]
[SourceVersionDate "2021.10.06"]
[SourceQuality "1"]
[WhiteTeam "Kumanovo Fisher"]
[BlackTeam "Bitola Noemvri"]
[WhiteTeamCountry "MKD"]
[BlackTeamCountry "MKD"]

1. Nf3 Nf6 2. d4 g6 3. b3 Bg7 4. Bb2 d5 5. e3 a6 6. Be2 0-0 7. 0-0 Nc6 8. Nbd2 Bg4 9. h3 Bd7 10. c4 e6 11. Rc1 Re8 12. Qc2 Nb4 13. Qb1 a5 14. Ne5 Rc8 15. a3 Nc6 16. Rfd1 Ne7 17. e4 c6 18. Bf3 b5 19. Nd3 h6 20. Nc5 Rb8 21. Qc2 a4 22. cxb5 axb3 23. Ndxb3 cxb5 24. e5 Nh7 25. Bc3 Nc6 26. Bb4 Nxb4 27. axb4 Bf8 28. Ra1 Bc6 29. Be2 Ng5 30. Bd3 Ne4 31. Na5 Ba8 32. Bxe4 dxe4 33. Nxe4 Kg7 34. Nf6 Re7 35. Nb3 Rc7 36. Nc5 Be7 37. Ng4 Rbc8 38. Ne3 Bg5 39. Qe2 Bc6 40. Rd2 Ra8 41. Rad1 Rca7 42. Qg4 h5 43. Qe2 Ra1 44. d5 Bxd5 45. Qxb5 Bxe3 46. fxe3 Rxd1+ 47. Rxd1 Qg5 48. e4 Ra2 49. Qf1 Qe3+ 50. Kh2 Rf2 51. Qd3 1/2-1/2

[Event "FRM-chT qual Gr-A"]
[Site "Ohrid"]
[Date "2020.08.21"]
[Round "1.2"]
[White "Selkovski, Zarko"]
[Black "Bogoevski, Jani"]
[Result "0-1"]
[WhiteElo "1964"]
[BlackElo "2190"]
[PlyCount "30"]
[EventDate "2020.08.21"]
[EventType "team-tourn"]
[EventRounds "5"]
[EventCountry "MKD"]
[SourceTitle "CBM 198 Extra"]
[Source "ChessBase"]
[SourceDate "2020.11.30"]
[SourceVersion "1"]
[SourceVersionDate "2020.11.30"]
[SourceQuality "1"]
[WhiteTeam "Bitola Noemvri"]
[BlackTeam "Bitola Stevo Patako"]
[WhiteTeamCountry "MKD"]
[BlackTeamCountry "MKD"]

1. e4 Nf6 2. Nc3 d5 3. e5 Nfd7 4. d4 c5 5. Nxd5 cxd4 6. Qxd4 Nc6 7. Qa4 e6 8. Bg5 f6 9. exf6 gxf6 10. Qe4 Qa5+ 11. Nc3 Qxg5 12. Qxe6+ Kd8 13. Nf3 Qg8 14. Qf5 Qg6 15. Qf4 Bh6 0-1